| 000 | 00434nam a2200181Ia 4500 | ||
|---|---|---|---|
| 003 | 0100 | ||
| 008 | 130303s9999 xx 000 0 und d | ||
| 040 | _cARRUPELIB | ||
| 050 | _aBS2575.3.H371983 | ||
| 100 | _aHarrington, Daniel J. | ||
| 245 | 4 | _aThe gospel according to Matthew | |
| 260 | _aCollegeville, Minnesota | ||
| 260 | _bThe Liturgical Press | ||
| 260 | _C1983 | ||
| 300 | _a118p. | ||
| 300 | _b 21cm. | ||
| 942 | 0 | 0 | _02 |
| 999 |
_c24471 _d24471 |
||